[Event "Junior Online 4NCL Division 4"]
[Site "online"]
[Date "2021.03.04"]
[EventDate "2021.03.04"]
[Round "4.16"]
[White "Rupf, Oscar"]
[WhiteElo "1419"]
[WhiteTeam "Barnet Knights C"]
[Black "Bedretdinov, Rasul"]
[BlackElo "1037"]
[BlackTeam "Tetherdown Bishops"]
[Result "1-0"]
[PlyCount "83"]

1. e4 e5 2. Nf3 Nc6 3. d4 exd4 4. Nxd4 Bc5 5. Be3 Bxd4 6. Bxd4 Nf6 7. Nc3 d6 8. Bb5 Bd7 9. O-O a6 10. Bxc6 Bxc6 11. Re1 O-O 12. e5 Ne8 13. exd6 Nxd6 14. Qg4 f6 15. Re2 Re8 16. Rae1 Nc4 17. Rxe8+ Bxe8 18. b3 Bd7 19. Qe4 Nd6 20. Qd5+ Kh8 21. Bc5 Bc6 22. Qd4 h6 23. Bxd6 cxd6 24. Ne4 d5 25. Nc3 Qd7 26. Rd1 Rd8 27. Ne2 Re8 28. Qd3 Qe7 29. Kf1 Bb5 30. c4 dxc4 31. bxc4 Qc7 32. cxb5 Qxh2 33. Ng1 axb5 34. Qxb5 Rg8 35. Qxb7 Re8 36. a4 Qe5 37. Qc6 Qe2+ 38. Nxe2 Rxe2 39. Kxe2 Kh7 40. Qe4+ g6 41. Rd7+ Kg8 42. Qe8# 1-0

[Event "Junior Online 4NCL Division 4"]
[Site "online"]
[Date "2021.03.04"]
[EventDate "2021.03.04"]
[Round "4.18"]
[White "Bracken, Layla"]
[WhiteElo "1311"]
[WhiteTeam "Barnet Knights C"]
[Black "Kirk, Alex"]
[BlackElo "1078"]
[BlackTeam "Tetherdown Bishops"]
[Result "1-0"]
[PlyCount "131"]

1. e4 e5 2. Nf3 Nc6 3. Nc3 Nf6 4. Bb5 Bc5 5. Bxc6 bxc6 6. Nxe5 Qe7 7. d4 Bd6 8. f4 O-O 9. O-O Ba6 10. Re1 Rfe8 11. b3 Bb4 12. Bb2 Qd6 13. a3 Bxc3 14. Bxc3 Rad8 15. Qd2 c5 16. Kh1 Bb5 17. a4 Ba6 18. b4 cxb4 19. Bxb4 Qb6 20. Rab1 Qe6 21. a5 d6 22. Nc6 Nxe4 23. Nxd8 Nxd2 24. Nxe6 Nxb1 25. Nxc7 Rxe1+ 26. Bxe1 Bc4 27. Kg1 f5 28. Kf2 Kf7 29. d5 Ke7 30. Ne6 Bxd5 31. Nxg7 Kf6 32. Nh5+ Kg6 33. Ng3 Na3 34. c3 Nc4 35. a6 Nb2 36. Kg1 h5 37. Bf2 Na4 38. Bxa7 Nxc3 39. Bd4 h4 40. Nf1 Ne2+ 41. Kf2 Nxd4 42. g3 hxg3+ 43. Nxg3 Nb5 44. Ke3 Bc4 45. Kd2 d5 46. Ke3 d4+ 47. Kd2 d3 48. Ke3 Kf6 49. Nf1 Ke6 50. Nd2 Kd5 51. h4 Kc5 52. h5 Nc3 53. a7 Nd5+ 54. Kf3 Nb6 55. h6 Bg8 56. Ke3 Nc4+ 57. Nxc4 Kxc4 58. a8=Q Bd5 59. Qa4+ Kc3 60. Qd4+ Kb3 61. Qxd5+ Kc3 62. Qxd3+ Kb4 63. h7 Kc5 64. h8=Q Kb4 65. Qb8+ Ka4 66. Qa6# 1-0

[Event "Junior Online 4NCL Division 4"]
[Site "online"]
[Date "2021.03.04"]
[EventDate "2021.03.04"]
[Round "4.21"]
[White "De Sousa Muachikape, Jael"]
[WhiteElo "1620"]
[WhiteTeam "Leeds Juniors 1"]
[Black "Burnton, Joshua"]
[BlackElo "1472"]
[BlackTeam "Muswell Hill Knights"]
[Result "1-0"]
[PlyCount "63"]

1. d4 d5 2. c4 Nf6 3. Nc3 e6 4. Nf3 Be7 5. Bf4 c6 6. e3 O-O 7. Bd3 dxc4 8. Bxc4 Nbd7 9. O-O Nb6 10. Bd3 Nbd5 11. Bg3 Qa5 12. Qb3 b6 13. Rac1 Nxc3 14. bxc3 Ba6 15. c4 Rad8 16. Ne5 Bb7 17. c5 b5 18. Bc4 Nd5 19. Bxd5 exd5 20. f4 f6 21. Nd3 Bc8 22. Nb4 Qc7 23. e4 Be6 24. f5 Bf7 25. Bxc7 Rd7 26. Bd6 Bxd6 27. cxd6 dxe4 28. Qg3 Bc4 29. Rxc4 bxc4 30. Nxc6 Rxd6 31. Qxd6 Kf7 32. Qe6# 1-0

[Event "Junior Online 4NCL Division 4"]
[Site "online"]
[Date "2021.03.04"]
[EventDate "2021.03.04"]
[Round "4.22"]
[White "Qiu, Calvin"]
[WhiteElo "1073"]
[WhiteTeam "Muswell Hill Knights"]
[Black "Krishnan, Aditya"]
[BlackElo "1365"]
[BlackTeam "Leeds Juniors 1"]
[Result "1-0"]
[PlyCount "95"]

1. e4 c5 2. Nf3 d6 3. Nc3 Nc6 4. d4 cxd4 5. Nxd4 a6 6. Be3 Nf6 7. Bc4 g6 8. Qd2 Bg7 9. Nxc6 bxc6 10. O-O O-O 11. Bh6 Bb7 12. a3 Qd7 13. Bxg7 Kxg7 14. Ba2 Rac8 15. Na4 Qc7 16. b4 Rfe8 17. f3 e5 18. Rad1 Rcd8 19. c3 d5 20. Qc2 dxe4 21. fxe4 Rxd1 22. Rxd1 Rd8 23. Rxd8 Qxd8 24. Nc5 Qc7 25. a4 Nd7 26. Nd3 Nf6 27. Nc5 Nd7 28. Nxb7 Qxb7 29. a5 Nf6 30. h3 Qa7+ 31. Kh2 Qe3 32. Qb3 Qf4+ 33. Kg1 Nxe4 34. Qc2 Qe3+ 35. Kf1 Qf4+ 36. Ke1 Qg3+ 37. Kd1 Nf2+ 38. Kc1 Qxg2 39. Kb2 Qf3 40. h4 Ne4 41. Bc4 Qf2 42. Be2 Ng3 43. Bxa6 Qxc2+ 44. Kxc2 f5 45. Bd3 e4 46. Bc4 Kf6 47. a6 e3 48. a7 1-0

[Event "Junior Online 4NCL Division 4"]
[Site "online"]
[Date "2021.03.04"]
[EventDate "2021.03.04"]
[Round "4.23"]
[White "Sasikumar, Navaneeth"]
[WhiteElo "1313"]
[WhiteTeam "Leeds Juniors 1"]
[Black "Bedretdinov, Ruslan"]
[BlackElo "1120"]
[BlackTeam "Muswell Hill Knights"]
[Result "1-0"]
[PlyCount "127"]

1. d4 d5 2. Bf4 c6 3. Nf3 Nf6 4. e3 e6 5. Bd3 Bd6 6. Bg3 Bxg3 7. hxg3 Nbd7 8. c3 h6 9. Nbd2 O-O 10. Qe2 c5 11. Ne5 c4 12. Bc2 Nxe5 13. dxe5 Ne4 14. Nxe4 dxe4 15. Bxe4 Rb8 16. g4 b6 17. Qxc4 Bb7 18. Bxb7 Rxb7 19. Qe4 Rd7 20. O-O Qh4 21. Qf3 f5 22. Qh3 Qxg4 23. Qxg4 fxg4 24. Rfd1 Rdf7 25. Rf1 Rf5 26. Rad1 R8f7 27. Rd4 h5 28. g3 Rxe5 29. Rf4 g5 30. Rd4 h4 31. Rxg4 hxg3 32. Rxg3 Kg7 33. Rd1 Ref5 34. Rg2 Rb5 35. b3 Ra5 36. a4 Kg6 37. Rd6 Rf6 38. Rd2 Rf8 39. Rd4 Rh8 40. f4 b5 41. Rxg5+ Kf6 42. Rxb5 Ra6 43. Rg5 Rc6 44. Rc4 Rd6 45. Rd4 Rc6 46. Rd3 Rb6 47. b4 Ra6 48. a5 Rc6 49. Rg2 a6 50. Rc2 Rcc8 51. c4 Rhg8+ 52. Kf2 Rh8 53. Kf3 Kf5 54. e4+ Kf6 55. Rdd2 Rh3+ 56. Ke2 Rg8 57. Kf2 Rh2+ 58. Kf3 Rh3+ 59. Ke2 Rh2+ 60. Ke3 Rh3+ 61. Kd4 Rd8+ 62. Kc5 Rh5+ 63. e5+ Kf5 64. Rxd8 1-0

[Event "Junior Online 4NCL Division 4"]
[Site "online"]
[Date "2021.03.04"]
[EventDate "2021.03.04"]
[Round "4.24"]
[White "Gold, Jonah"]
[WhiteElo "816"]
[WhiteTeam "Muswell Hill Knights"]
[Black "Rowe, Angelica"]
[BlackElo "1350"]
[BlackTeam "Leeds Juniors 1"]
[Result "0-1"]
[PlyCount "34"]

1. e4 e5 2. Nf3 Nc6 3. Bc4 d6 4. d3 Bg4 5. O-O Nd4 6. Bg5 f6 7. Be3 Nxf3+ 8. gxf3 Bh5 9. Nc3 Qd7 10. Kh1 Qh3 11. Bxg8 Bxf3+ 12. Qxf3 Qxf3+ 13. Kg1 Rxg8 14. h4 g5 15. hxg5 fxg5 16. Kh2 g4 17. Rg1 Qh3# 0-1

[Event "Junior Online 4NCL Division 4"]
[Site "online"]
[Date "2021.03.04"]
[EventDate "2021.03.04"]
[Round "4.25"]
[White "Burnton, Joshua"]
[WhiteElo "1472"]
[WhiteTeam "Muswell Hill Knights"]
[Black "De Sousa Muachikape, Jael"]
[BlackElo "1620"]
[BlackTeam "Leeds Juniors 1"]
[Result "0-1"]
[PlyCount "66"]

1. e4 c5 2. b4 e6 3. bxc5 Bxc5 4. d4 Be7 5. Nf3 Nf6 6. Bd3 d6 7. c3 Nc6 8. e5 dxe5 9. dxe5 Nd5 10. h4 Qc7 11. Qe2 a6 12. O-O b5 13. Qe4 Bb7 14. Qg4 Nxe5 15. Nxe5 Qxe5 16. Bd2 h5 17. Qh3 Nf4 18. Bxf4 Qxf4 19. Re1 Rd8 20. Bf1 O-O 21. g3 Qf6 22. Bg2 Bc5 23. Rf1 Bxg2 24. Qxg2 Rd3 25. Kh2 Rfd8 26. a4 Rd1 27. Na3 Rxf1 28. Qxf1 Bxf2 29. a5 Rd2 30. Kh3 Qf5+ 31. Kg2 Be3+ 32. Kh1 Rf2 33. Qe1 Qh3+ 0-1

[Event "Junior Online 4NCL Division 4"]
[Site "online"]
[Date "2021.03.04"]
[EventDate "2021.03.04"]
[Round "4.26"]
[White "Krishnan, Aditya"]
[WhiteElo "1365"]
[WhiteTeam "Leeds Juniors 1"]
[Black "Qiu, Calvin"]
[BlackElo "1073"]
[BlackTeam "Muswell Hill Knights"]
[Result "1-0"]
[PlyCount "159"]

1. c4 e5 2. Nc3 Nf6 3. g3 Nc6 4. Bg2 Bc5 5. e3 Bb6 6. Nge2 O-O 7. O-O Re8 8. b3 d6 9. Bb2 Bf5 10. Nd5 Nxd5 11. cxd5 Ne7 12. e4 Bg4 13. Kh1 Qd7 14. f3 Bh3 15. d4 c5 16. dxe5 dxe5 17. Bxe5 Bxg2+ 18. Kxg2 Nxd5 19. Qxd5 Qxd5 20. exd5 Rxe5 21. Nc3 Ba5 22. Ne4 Rxd5 23. Rac1 b6 24. Rfd1 Rxd1 25. Rxd1 f5 26. Nf2 g6 27. g4 Kg7 28. gxf5 gxf5 29. Nd3 Rd8 30. Nb2 Rxd1 31. Nxd1 b5 32. Kf2 c4 33. bxc4 bxc4 34. Ke2 c3 35. Kd3 Kg6 36. Nxc3 Bxc3 37. Kxc3 Kg5 38. Kd3 Kf4 39. Ke2 h6 40. Kf2 a5 41. a4 h5 42. h4 Ke5 43. Ke3 Kf6 44. Kf4 Ke6 45. Kg5 Ke5 46. Kxh5 Kf4 47. Kg6 Kxf3 48. h5 f4 49. h6 Ke3 50. h7 f3 51. h8=Q f2 52. Qe8+ Kf3 53. Qc6+ Ke2 54. Qe4+ Kf1 55. Kf5 Kg1 56. Qg4+ Kf1 57. Ke5 Ke1 58. Qe4+ Kf1 59. Kd5 Kg1 60. Qg4+ Kf1 61. Kc5 Ke1 62. Qe4+ Kf1 63. Kb5 Kg1 64. Qb1+ Kg2 65. Qg6+ Kf1 66. Kxa5 Ke2 67. Qe4+ Kf1 68. Kb5 Kg1 69. Qg4+ Kf1 70. Qf3 Ke1 71. Qxf2+ Kxf2 72. a5 Ke3 73. a6 Ke4 74. a7 Kd5 75. a8=Q+ Kd6 76. Qe4 Kc7 77. Qe6 Kd8 78. Qf7 Kc8 79. Kc6 Kb8 80. Qb7# 1-0

[Event "Junior Online 4NCL Division 4"]
[Site "online"]
[Date "2021.03.04"]
[EventDate "2021.03.04"]
[Round "4.27"]
[White "Bedretdinov, Ruslan"]
[WhiteElo "1120"]
[WhiteTeam "Muswell Hill Knights"]
[Black "Sasikumar, Navaneeth"]
[BlackElo "1313"]
[BlackTeam "Leeds Juniors 1"]
[Result "0-1"]
[PlyCount "46"]

1. e4 c6 2. Nf3 d5 3. exd5 cxd5 4. d4 Bf5 5. Nc3 Nc6 6. Bd2 Nf6 7. Be2 e6 8. O-O Bd6 9. Nb5 O-O 10. Nxd6 Qxd6 11. c3 Rac8 12. Re1 a6 13. Bf1 b5 14. Ne5 Ne4 15. a3 Nxd2 16. Qxd2 Na5 17. Bd3 Nb3 18. Qc2 Nxa1 19. Rxa1 Bxd3 20. Qxd3 f6 21. Ng4 Qc6 22. Qg3 Qc7 23. Nxf6+ Rxf6 0-1

[Event "Junior Online 4NCL Division 4"]
[Site "online"]
[Date "2021.03.04"]
[EventDate "2021.03.04"]
[Round "4.28"]
[White "Rowe, Angelica"]
[WhiteElo "1350"]
[WhiteTeam "Leeds Juniors 1"]
[Black "Gold, Jonah"]
[BlackElo "816"]
[BlackTeam "Muswell Hill Knights"]
[Result "1-0"]
[PlyCount "53"]

1. e4 e5 2. Bc4 Bc5 3. Ne2 Nf6 4. d3 Ng4 5. O-O Qh4 6. h3 d6 7. hxg4 Bxg4 8. Be3 Bxe3 9. fxe3 O-O 10. Nbc3 Nc6 11. d4 exd4 12. exd4 Na5 13. Bd3 Nc6 14. d5 Na5 15. Qd2 Bxe2 16. Nxe2 Rfe8 17. Qxa5 b6 18. Qc3 a5 19. Qxc7 Rac8 20. Qxf7+ Kh8 21. Rf4 Qe7 22. Qxe7 Rxe7 23. Raf1 Ree8 24. Rh4 g5 25. Rh5 Rg8 26. e5 dxe5 27. Rxh7# 1-0

[Event "Junior Online 4NCL Division 4"]
[Site "online"]
[Date "2021.03.04"]
[EventDate "2021.03.04"]
[Round "4.31"]
[White "Korossy, Nandi"]
[WhiteElo "1610"]
[WhiteTeam "Wanstead Warriors 1"]
[Black "Eccleston, Bryony"]
[BlackElo "1332"]
[BlackTeam "Manchester Juniors D"]
[Result "0-1"]
[PlyCount "88"]

1. e4 d5 2. exd5 Nf6 3. Nf3 Bg4 4. Be2 Nxd5 5. O-O Nc6 6. d4 Bf5 7. c4 Ndb4 8. Na3 e6 9. Bf4 g6 10. Nb5 Rc8 11. a3 Nc2 12. Rc1 a6 13. Nc3 N2xd4 14. Nxd4 Nxd4 15. Re1 Bg7 16. Bd3 Bxd3 17. Qxd3 c6 18. h3 Nb3 19. Qxd8+ Rxd8 20. Rcd1 O-O 21. Bg3 Rxd1 22. Rxd1 Bf6 23. Rd7 Nc5 24. Rd2 Rd8 25. Rxd8+ Bxd8 26. Kf1 Bf6 27. Ke2 Bxc3 28. bxc3 Ne4 29. Kd3 Nxg3 30. fxg3 Kg7 31. Kd4 Kf6 32. Kc5 e5 33. a4 Kf5 34. Kb6 e4 35. Kxb7 e3 36. Kxc6 e2 37. Kb7 e1=Q 38. c5 Qxg3 39. c6 Qxg2 40. Kb6 Qxh3 41. c7 Qxc3 42. Kb7 Qb4+ 43. Kc6 Qxa4+ 44. Kb7 Qc4 0-1

[Event "Junior Online 4NCL Division 4"]
[Site "online"]
[Date "2021.03.04"]
[EventDate "2021.03.04"]
[Round "4.32"]
[White "Eccleston, Rowan"]
[WhiteElo "1295"]
[WhiteTeam "Manchester Juniors D"]
[Black "Demetriou, Jay"]
[BlackElo "1519"]
[BlackTeam "Wanstead Warriors 1"]
[Result "1-0"]
[PlyCount "119"]

1. f4 d6 2. Nf3 g6 3. e3 Bg7 4. d4 Nf6 5. Nc3 Bg4 6. Be2 Bxf3 7. Bxf3 e5 8. Bxb7 Nbd7 9. Bxa8 Qxa8 10. O-O O-O 11. Qf3 e4 12. Qh3 Qc6 13. Bd2 Nh5 14. Nd5 Re8 15. Nb4 Qb5 16. a4 Qf5 17. Qxf5 gxf5 18. Rab1 Ndf6 19. Na6 Re7 20. Rfe1 Ng4 21. Ba5 Nxf4 22. exf4 Bxd4+ 23. Kf1 Ne3+ 24. Ke2 Nxc2 25. Red1 c5 26. b4 Bc3 27. Rxd6 Nd4+ 28. Kf1 e3 29. Rc1 e2+ 30. Kf2 e1=Q+ 31. Rxe1 Bxe1+ 32. Kf1 c4 33. Rd8+ Kg7 34. Rxd4 c3 35. Rc4 Bd2 36. b5 Re4 37. Bxc3+ Bxc3 38. Rxc3 Rxa4 39. Nc5 Rxf4+ 40. Ke2 Rb4 41. Kf3 Rxb5 42. Nd7 a5 43. Ra3 Rd5 44. Nb6 Rb5 45. Nc4 Rc5 46. Nxa5 Kg6 47. Nb7 Rc4 48. Nd6 Rd4 49. Nb5 Rb4 50. Nc3 Rd4 51. Ra6+ Kg5 52. Ne2 Rd3+ 53. Kf2 Rb3 54. Ra7 Kg6 55. Ng3 Rc3 56. Ke2 Rb3 57. Kd2 Kf6 58. Ke2 Kg6 59. Ra6+ Kg7 60. Nxf5+ 1-0

[Event "Junior Online 4NCL Division 4"]
[Site "online"]
[Date "2021.03.04"]
[EventDate "2021.03.04"]
[Round "4.33"]
[White "Walsh, Cole"]
[WhiteElo "1478"]
[WhiteTeam "Wanstead Warriors 1"]
[Black "Correa, Edward"]
[BlackElo "1211"]
[BlackTeam "Manchester Juniors D"]
[Result "0-1"]
[PlyCount "126"]

1. e4 c5 2. Bc4 e6 3. a4 b6 4. Nf3 a6 5. Nc3 Qc7 6. d3 d6 7. O-O Bb7 8. Bf4 Nc6 9. Re1 e5 10. Bg3 Be7 11. Nd5 Qd8 12. Qd2 h6 13. Qd1 Nf6 14. Nd2 Nxd5 15. Bxd5 Qd7 16. Qh5 Bg5 17. Nc4 Bd8 18. Bh4 O-O 19. Rad1 Nb4 20. Bxd8 Raxd8 21. Nxb6 Qc7 22. Bxb7 Qxb6 23. Bd5 Nxd5 24. exd5 Qxb2 25. c4 Qc2 26. a5 Rb8 27. Qf5 Rb7 28. Rc1 Qa4 29. Ra1 Qb3 30. g3 Rfb8 31. h4 g6 32. Qf6 Qxd3 33. Qxd6 Qxc4 34. Qxe5 Rd8 35. Qf6 Qxd5 36. Rad1 Qxd1 37. Rxd1 Rxd1+ 38. Kg2 Rc7 39. Qxa6 c4 40. Qb5 Rdd7 41. a6 c3 42. Qb1 c2 43. Qc1 Rd1 44. a7 Rxc1 45. a8=Q+ Kg7 46. Qa5 Rg1+ 47. Kxg1 c1=Q+ 48. Kg2 Qc6+ 49. Kg1 Qc5 50. Qa1+ Qc3 51. Qd1 Qc1 52. Qxc1 Rxc1+ 53. Kg2 f5 54. Kf3 h5 55. Kf4 Kf6 56. f3 Rc4+ 57. Ke3 g5 58. Kd3 Ra4 59. Ke3 gxh4 60. gxh4 Rxh4 61. Kf2 Ke5 62. Kg3 Ra4 63. f4+ Rxf4 0-1

[Event "Junior Online 4NCL Division 4"]
[Site "online"]
[Date "2021.03.04"]
[EventDate "2021.03.04"]
[Round "4.34"]
[White "Burke, Alexander"]
[WhiteElo "1133"]
[WhiteTeam "Manchester Juniors D"]
[Black "Stevens, Tobias"]
[BlackElo "1468"]
[BlackTeam "Wanstead Warriors 1"]
[Result "1-0"]
[PlyCount "109"]

1. e4 e6 2. d4 d5 3. exd5 exd5 4. Nc3 Nf6 5. Bg5 Be7 6. Nf3 O-O 7. Be2 Ne4 8. Bxe7 Qxe7 9. Nxd5 Qd6 10. Ne3 Re8 11. O-O Bg4 12. Nxg4 Nf6 13. Nxf6+ Qxf6 14. c3 Nd7 15. d5 Nb6 16. c4 Nxc4 17. Bxc4 Qxb2 18. Qb3 Qxb3 19. axb3 Re7 20. Nd4 a6 21. h3 Rae8 22. Nc2 Re4 23. Rfe1 Rxe1+ 24. Rxe1 Kf8 25. Rxe8+ Kxe8 26. Nd4 Kd7 27. Kf1 g6 28. Ke2 b5 29. Bd3 Kd6 30. b4 Kxd5 31. Ke3 c5 32. bxc5 Kxc5 33. Nc2 a5 34. Kd2 a4 35. Kc3 f5 36. Nb4 h5 37. Be2 h4 38. Nd3+ Kd5 39. Nf4+ Kc5 40. Nxg6 b4+ 41. Kb2 a3+ 42. Kb3 a2 43. Kxa2 Kd4 44. Nxh4 Kc3 45. Kb1 b3 46. Nxf5 b2 47. g4 Kd2 48. Ba6 Kc3 49. g5 Kb3 50. g6 Kc3 51. g7 Kb3 52. g8=Q+ Kc3 53. Qc4+ Kd2 54. Qd3+ Ke1 55. Qe2# 1-0

[Event "Junior Online 4NCL Division 4"]
[Site "online"]
[Date "2021.03.04"]
[EventDate "2021.03.04"]
[Round "4.35"]
[White "Eccleston, Bryony"]
[WhiteElo "1332"]
[WhiteTeam "Manchester Juniors D"]
[Black "Korossy, Nandi"]
[BlackElo "1610"]
[BlackTeam "Wanstead Warriors 1"]
[Result "1-0"]
[PlyCount "67"]

1. d4 d5 2. Bf4 Nf6 3. e3 c5 4. c3 Nc6 5. Nf3 Bg4 6. Nbd2 e6 7. h3 Bh5 8. Be2 cxd4 9. exd4 Bd6 10. Ne5 Bxe2 11. Qxe2 O-O 12. Ng4 Bxf4 13. Nxf6+ Qxf6 14. Nf3 Rfe8 15. O-O e5 16. Qb5 e4 17. Nh2 Bxh2+ 18. Kxh2 Qd6+ 19. Kg1 Rab8 20. Rfe1 a6 21. Qb3 b5 22. Re2 Qd7 23. Rae1 Na5 24. Qc2 Nc4 25. b3 Nd6 26. Re3 Re6 27. Qe2 Rg6 28. Qh5 Nf5 29. R3e2 Re8 30. g4 Nd6 31. Qxd5 Qe6 32. Qc6 Nf5 33. Rxe4 Qxc6 34. Rxe8+ 1-0

[Event "Junior Online 4NCL Division 4"]
[Site "online"]
[Date "2021.03.04"]
[EventDate "2021.03.04"]
[Round "4.36"]
[White "Demetriou, Jay"]
[WhiteElo "1519"]
[WhiteTeam "Wanstead Warriors 1"]
[Black "Eccleston, Rowan"]
[BlackElo "1295"]
[BlackTeam "Manchester Juniors D"]
[Result "1-0"]
[PlyCount "69"]

1. e4 e6 2. b3 d5 3. Bb2 c5 4. exd5 exd5 5. Bb5+ Bd7 6. Bxd7+ Nxd7 7. Qe2+ Be7 8. Nc3 Ngf6 9. O-O-O O-O 10. Qf3 Ne5 11. Qg3 Ng6 12. Nf3 Bd6 13. Qg5 Bf4 14. Qf5 Qd6 15. Nb5 Qc6 16. Bxf6 Qxb5 17. Bb2 Rad8 18. Ne5 Bxe5 19. Bxe5 Nxe5 20. Qxe5 h6 21. h4 c4 22. Qb2 cxb3 23. axb3 a5 24. g4 Ra8 25. g5 Kh7 26. Rdg1 g6 27. h5 a4 28. hxg6+ fxg6 29. Rxh6+ Kg8 30. Rxg6+ Kf7 31. Qf6+ Ke8 32. Re1+ Kd7 33. Rg7+ Kc8 34. Qxf8+ Qe8 35. Rxe8# 1-0

[Event "Junior Online 4NCL Division 4"]
[Site "online"]
[Date "2021.03.04"]
[EventDate "2021.03.04"]
[Round "4.37"]
[White "Correa, Edward"]
[WhiteElo "1211"]
[WhiteTeam "Manchester Juniors D"]
[Black "Walsh, Cole"]
[BlackElo "1478"]
[BlackTeam "Wanstead Warriors 1"]
[Result "0-1"]
[PlyCount "66"]

1. e4 d5 2. exd5 Qxd5 3. Nc3 Qa5 4. d3 c6 5. Bd2 Bf5 6. Nf3 Nf6 7. Be2 e6 8. Ne4 Qd8 9. Nxf6+ Qxf6 10. Bc3 Qd8 11. Qd2 Nd7 12. h3 Nf6 13. Qg5 h6 14. Bxf6 Qxf6 15. Qxf6 gxf6 16. O-O-O O-O-O 17. Nh4 Bh7 18. Bh5 Bg7 19. Bxf7 Rd6 20. Bh5 Rd4 21. Nf3 Rf4 22. Bg4 Bg8 23. Rhe1 Kd7 24. Re2 h5 25. Bxe6+ Bxe6 26. Rde1 Re8 27. Re3 Bh6 28. R3e2 Rxf3+ 29. Kd1 Rf4 30. g3 Rb4 31. f4 Rxb2 32. Kc1 Rxa2 33. Kb1 Ra5 0-1

[Event "Junior Online 4NCL Division 4"]
[Site "online"]
[Date "2021.03.04"]
[EventDate "2021.03.04"]
[Round "4.38"]
[White "Stevens, Tobias"]
[WhiteElo "1468"]
[WhiteTeam "Wanstead Warriors 1"]
[Black "Burke, Alexander"]
[BlackElo "1133"]
[BlackTeam "Manchester Juniors D"]
[Result "0-1"]
[PlyCount "192"]

1. e4 e5 2. Nf3 Nc6 3. Bc4 Bc5 4. d3 d6 5. Nc3 h6 6. Be3 Bg4 7. h3 Bxf3 8. gxf3 Nf6 9. Rg1 Qe7 10. Rxg7 O-O-O 11. Qd2 Nh5 12. Rg1 Qf6 13. O-O-O Qxf3 14. Bxh6 Bxf2 15. Bg5 Kb8 16. Bxd8 Be3 17. Qxe3 Qxe3+ 18. Kb1 Rxd8 19. Bxf7 Nf4 20. Rge1 Qxh3 21. Bd5 Nd4 22. Rh1 Qd7 23. a3 Nde2 24. Nxe2 Nxe2 25. Rhe1 Nf4 26. Rf1 Nxd5 27. exd5 Qb5 28. Rf2 Qxd5 29. Rdf1 a6 30. b3 Qc6 31. a4 b5 32. axb5 axb5 33. Kb2 Kb7 34. Ra1 Ra8 35. Rxa8 Kxa8 36. Rf8+ Kb7 37. Rf1 b4 38. Ra1 Qc3+ 39. Kb1 Kc6 40. Ra6+ Kb5 41. Ra7 Qe1+ 42. Kb2 Qc3+ 43. Kb1 Kb6 44. Ra8 Qe1+ 45. Kb2 Kb7 46. Ra5 Kc6 47. Ra6+ Kd7 48. Ra7 e4 49. dxe4 Qxe4 50. Ra5 Qd4+ 51. Ka2 Qc3 52. Kb1 Qc6 53. Rh5 Kc8 54. Rh8+ Kb7 55. Rh5 d5 56. Kb2 Qf6+ 57. Kb1 Qc6 58. Kb2 d4 59. Rh3 Qa6 60. Rd3 Qa2+ 61. Kxa2 c5 62. Kb2 Kc6 63. Rh3 Kb5 64. Rh8 Kc6 65. Rc8+ Kd5 66. Rd8+ Kc6 67. Rh8 Kb5 68. Rb8+ Kc6 69. c4 dxc3+ 70. Kc1 Kd5 71. Rc8 Kd4 72. Rc7 Kd5 73. Rh7 Kc6 74. Rh4 Kd5 75. Rh6 c4 76. bxc4+ Kxc4 77. Rh4+ Kb3 78. Rh3 Ka3 79. Rh8 Kb3 80. Rc8 Ka2 81. Ra8+ Kb3 82. Ra1 Kc4 83. Rb1 b3 84. Ra1 b2+ 85. Kb1 bxa1=Q+ 86. Kxa1 Kd3 87. Kb1 Kd2 88. Ka2 c2 89. Kb2 c1=Q+ 90. Kb3 Qc3+ 91. Ka4 Qb2 92. Ka5 Kc3 93. Ka6 Kc4 94. Ka7 Kc5 95. Ka8 Kc6 96. Ka7 Qb7# 0-1

[Event "Junior Online 4NCL Division 4"]
[Site "online"]
[Date "2021.03.04"]
[EventDate "2021.03.04"]
[Round "4.41"]
[White "Warren, Archie"]
[WhiteElo "1423"]
[WhiteTeam "Farnham Fantasticos"]
[Black "Zhou, Richard"]
[BlackElo "1300"]
[BlackTeam "Edgware Gambits D"]
[Result "1-0"]
[PlyCount "103"]

1. d4 Nf6 2. Bf4 c5 3. d5 e6 4. c4 Na6 5. a3 Nc7 6. Nc3 b6 7. Nf3 Bb7 8. e4 d6 9. dxe6 Nxe6 10. Bg3 Nxe4 11. Nxe4 Bxe4 12. Bd3 Bxd3 13. Qxd3 Qf6 14. Rb1 Be7 15. O-O O-O 16. Bxd6 Rad8 17. Bxe7 Qxe7 18. Qe2 Rfe8 19. Rbd1 Nd4 20. Qxe7 Rxe7 21. Ng5 h6 22. Nh3 Ree8 23. Nf4 Ne2+ 24. Nxe2 Rxd1 25. Rxd1 Rxe2 26. b4 Ra2 27. bxc5 bxc5 28. h3 Rxa3 29. Rd5 Ra5 30. Kf1 a6 31. Ke2 Kf8 32. Kd3 Ra3+ 33. Ke2 Ra5 34. g4 Ke7 35. f3 f6 36. Ke3 Ra3+ 37. Kf4 Ra5 38. h4 Ra4 39. Rxc5 Kd6 40. Rc8 Ke7 41. g5 hxg5+ 42. hxg5 fxg5+ 43. Kxg5 Kf7 44. f4 a5 45. f5 Rb4 46. Rc7+ Kg8 47. Kg6 Rb6+ 48. Kg5 Ra6 49. c5 a4 50. c6 a3 51. Kg6 a2 52. Rc8# 1-0

[Event "Junior Online 4NCL Division 4"]
[Site "online"]
[Date "2021.03.04"]
[EventDate "2021.03.04"]
[Round "4.42"]
[White "Srinivasan, Gowri"]
[WhiteElo "1281"]
[WhiteTeam "Edgware Gambits D"]
[Black "Warren, Orla"]
[BlackElo "1180"]
[BlackTeam "Farnham Fantasticos"]
[Result "0-1"]
[PlyCount "54"]

1. d4 Nf6 2. Nc3 g6 3. Nf3 Bg7 4. Bf4 O-O 5. e3 d6 6. Bd3 Bg4 7. Qe2 Nbd7 8. O-O-O e5 9. dxe5 dxe5 10. Bg5 h6 11. Bxf6 Bxf6 12. h3 Bxf3 13. Qxf3 Bg7 14. g4 Nc5 15. Bxg6 Qe7 16. Be4 Nxe4 17. Qxe4 Rad8 18. h4 Rxd1+ 19. Nxd1 Rd8 20. Qxb7 Bf6 21. g5 hxg5 22. hxg5 Bxg5 23. Qe4 f6 24. f4 Qd7 25. fxg5 Qd2+ 26. Kb1 Qxd1+ 27. Rxd1 Rxd1# 0-1

[Event "Junior Online 4NCL Division 4"]
[Site "online"]
[Date "2021.03.04"]
[EventDate "2021.03.04"]
[Round "4.43"]
[White "Warnock, Oliver"]
[WhiteElo "1143"]
[WhiteTeam "Farnham Fantasticos"]
[Black "Barbier-Ramaiah, Rohan Theo"]
[BlackElo "1218"]
[BlackTeam "Edgware Gambits D"]
[Result "0-1"]
[PlyCount "86"]

1. d4 Nf6 2. c4 g6 3. Nc3 Bg7 4. e4 d6 5. Nf3 O-O 6. Be2 e5 7. d5 c6 8. O-O cxd5 9. cxd5 Nbd7 10. Re1 b6 11. Be3 Bb7 12. Qc2 Rc8 13. h3 Nc5 14. Bd3 Nxd3 15. Qxd3 a6 16. Rec1 b5 17. a3 Nd7 18. b4 f5 19. Nd2 f4 20. Ba7 Ra8 21. a4 Rxa7 22. axb5 Qa8 23. bxa6 Bxa6 24. b5 Bb7 25. Rxa7 Qxa7 26. Nb3 Qa3 27. Qc2 Rc8 28. Ra1 Qb4 29. Na2 Qxb5 30. Nc3 Qc4 31. Rc1 Nc5 32. Na5 Qa6 33. Ra1 Ra8 34. Qb2 h5 35. Nb5 Qb6 36. Qb4 Ba6 37. Rb1 Bxb5 38. Qxb5 Qxa5 39. Qxa5 Rxa5 40. Rb8+ Kh7 41. Rd8 Nxe4 42. Rxd6 Nxd6 43. Kh2 Rxd5 0-1

[Event "Junior Online 4NCL Division 4"]
[Site "online"]
[Date "2021.03.04"]
[EventDate "2021.03.04"]
[Round "4.44"]
[White "Kataria, Dhairya"]
[WhiteElo "1298"]
[WhiteTeam "Edgware Gambits D"]
[Black "Lumsden, Emmanuel"]
[BlackElo "1060"]
[BlackTeam "Farnham Fantasticos"]
[Result "1-0"]
[PlyCount "109"]

1. e4 c5 2. Nf3 d6 3. d4 cxd4 4. Nxd4 g6 5. Nc3 Bg7 6. Nf3 Nf6 7. Be3 O-O 8. Bd3 Nbd7 9. O-O h6 10. Qd2 Ng4 11. h3 Nxe3 12. Qxe3 Nf6 13. Rfe1 Be6 14. e5 dxe5 15. Nxe5 Rc8 16. Rad1 Nd7 17. Nxd7 Qxd7 18. Bxg6 Qe8 19. Rd3 fxg6 20. Qxe6+ Kh7 21. Rg3 Rf6 22. Qg4 h5 23. Qg5 Rcc6 24. Nd5 Rfd6 25. Rxe7 Qf8 26. Rf3 Qg8 27. Nf6+ Rxf6 28. Rxf6 Rxf6 29. Qxf6 Kh6 30. Qf4+ Kh7 31. Rxb7 Qxa2 32. Qf7 Qxf7 33. Rxf7 Kh6 34. Rxa7 Bxb2 35. c4 Bd4 36. Rd7 Bb6 37. Rb7 Bd4 38. Rd7 Bb6 39. g4 hxg4 40. hxg4 g5 41. Rd5 Kg7 42. c5 Bc7 43. Rd7+ Kf6 44. Rxc7 Kg6 45. c6 Kf6 46. Rd7 Ke6 47. f4 gxf4 48. g5 f3 49. g6 Kf6 50. c7 Kg5 51. c8=Q Kg4 52. Qc4+ Kg3 53. Rh7 f2+ 54. Kf1 Kf3 55. Rh3# 1-0

[Event "Junior Online 4NCL Division 4"]
[Site "online"]
[Date "2021.03.04"]
[EventDate "2021.03.04"]
[Round "4.45"]
[White "Zhou, Richard"]
[WhiteElo "1300"]
[WhiteTeam "Edgware Gambits D"]
[Black "Warren, Archie"]
[BlackElo "1423"]
[BlackTeam "Farnham Fantasticos"]
[Result "0-1"]
[PlyCount "64"]

1. d4 Nf6 2. c4 g6 3. Nc3 Bg7 4. Nf3 O-O 5. Bf4 d6 6. Nb5 a6 7. Nc3 Nbd7 8. e3 Nh5 9. Bg3 e5 10. dxe5 dxe5 11. Qc2 Qe7 12. Nd5 Qc5 13. O-O-O b5 14. e4 Bb7 15. h3 Bxd5 16. cxd5 Qxc2+ 17. Kxc2 Rac8 18. Bh2 Rfe8 19. g4 Nhf6 20. Kb1 Nxe4 21. Bg3 Nxg3 22. fxg3 Nb6 23. Bg2 Rcd8 24. Nh4 Nc4 25. Rhe1 Nd6 26. a3 e4 27. Rd2 Re7 28. Rde2 Rde8 29. Bf3 exf3 30. Rxe7 Rxe7 31. Rxe7 f2 32. Rxc7 f1=Q+ 0-1